Diseño y administración de bases de datos. / Gary Hansen W.[et al.] (Registro nro. 14544)
[ vista simple ]
| 000 -LÍDER | |
|---|---|
| fixed length control field | 00550nam a2200169 4500 |
| 008 - ELEMENTOS DE LONGITUD FIJA -- INFORMACIÓN GENERAL | |
| fixed length control field | 0 1997 0a 000 0ESP |
| 020 ## - NÚMERO INTERNACIONAL NORMALIZADO PARA LIBROS | |
| ISBN | 84-8322-002-4 |
| 050 ## - SIGNATURA TOPOGRAFICA DE LA BIBLIOTECA DEL CONGRESO (LC) | |
| Número de Clasificación | QA76.9 D3 H3518 1997 |
| 082 ## - NUMERO DE CLASIFICACION DECIMAL DEWEY | |
| Número de Clasificación | 001.61 H249d |
| 100 ## - ASIENTO PRINCIPAL--NOMBRE PERSONAL | |
| Nombre personal | Hansen W. Gary. |
| 245 ## - TÍTULO | |
| Título | Diseño y administración de bases de datos. / Gary Hansen W.[et al.] |
| 250 ## - MENCIÓN DE EDICIÓN | |
| Mención de edición | 2a ed. |
| 260 ## - PUBLICACIÓN, DISTRIBUCIÓN, ETC. (PIE DE IMPRENTA) | |
| Lugar de publicación, distribución, etc. | España : Prentice- Hall. |
| 300 ## - DESCRIPCIÓN FÍSICA | |
| Extensión | 569 p. il. / 27 cm. |
| 500 ## - NOTA GENERAL | |
| Nota general | Incluye, índice. |
| 650 ## - ASIENTO SECUNDARIO DE MATERIA - TERMINO TEMÁTICO | |
| Término temático o nombre geográfico como elemento de entrada | 1.- ADMINISTRACIÒN DE BASES DE DATOS . 2.- BASES DE DATOS - DISEÑOS. |
| No. biblioteca | No. biblioteca | Número de clasificación | Código de barras/Número de adquisición | Número de copia | Tipo de material |
|---|---|---|---|---|---|
| LUIS G. INCLAN | LUIS G. INCLAN | 001.61 H249d | 39564 | 2 | Libros |
| LUIS G. INCLAN | LUIS G. INCLAN | 001.61 H249d | 39565 | 3 | Libros |
| LUIS G. INCLAN | LUIS G. INCLAN | 001.61 H249d | 39566 | 4 | Libros |
| LUIS G. INCLAN | LUIS G. INCLAN | 001.61 H249d | 43793 | 5 | Libros |
| LUIS G. INCLAN | LUIS G. INCLAN | 001.61 H249d | 43794 | 6 | Libros |
| LUIS G. INCLAN | LUIS G. INCLAN | 001.61 H249d | 34189 | 1 | Libros |
